00665nam a2200205Ia 450000500170000000800410001702000250005804000190008304100120010208200160011410000250013024500960015526000290025130000150028050400500029563000380034565000370038365100280042085000110044820221125140943.0131103s9999 xx 000 0 und d a9.79E+12cRs.1050.00 aLoreto College aEnglish a954.01bTHA aThapliyal,Uma Prasad aWarfare in ancient Indiab Organizational and operational dimensions cUma Prasad Thapliyal aNew DelhibManoharc2010 a431pb ill aIncludes bibliographical references and index aAncient India - History, military aMilitary history - Ancient India aIndia - History,ancient aLCLIB